000 01525cam a22001814a 4500
005 20250605163430.0
008 250528s ||||||||||||||||||||||||d
035 _a19072
040 _aGR-AtMCL
_bgre
_dGR-AtMCL
_eAACR2
245 1 _aΦορολογικό Δικαιο και Φοροτεχνική / Φορολογικά Συστήματα, Φορολογία Εισοδήματος Φυσικών Προσώπων, Φορολογία Εισοδήματος Νομικών Προσώπων, Φορολογία Πλοίων, Φορολογία Ακίνητης Περιουσίας, Φορολογία Κληρονομίων και Δωρεών και Κερδών εκ Λαχείου, Φορολογικά Κίνητρα.
260 _bΘεοδώρου Π. Τυρόβολα,
_c1981
300 _a192
520 _aΦόροι και Φορολογικά Συστήματα, Φορολογία εισοδήματος Φυσικών Προσώπων, Τα Εισοδήματα κατά Πηγή, Φορολογία Εισοδήματος Νομικών Προσώπων, Φορολογία Πλοίων, Φορολογία Ακίνητης Περιουσίας, Φορολογία Κληρονομίων και Δωρεών και Κερδών εκ Λαχείων, Ο Φόρος Κύκλου Εργασιών (Φ.Κ.Ε.), Φορολογικά Κίνητρα, Διεθνές και Κοινωνικό Δίκαιο.
700 1 _aΣφακιανος Γρηγοριος Κ
942 _cBK
999 _c4355
_d4355